000 00575nam a2200157 a 4500
001 BRCA_1851
005 20190320203557.0
008 050608s1975----mx-a---###---#000-0#spa-#
050 4 _aN8217.D5
_b.M94 1975
245 1 0 _aLa muerte
_bexpresiones mexicanas de un enigma.
260 _aMéxico
_bUNAM, Museo Universitario
_c1975
300 _a148 p.
_bil., fotografías
_c25 cm.
500 _aCatálogo de la exposición realizada en el Museo Universitario de la UNAM (Ciudad de México), noviembre 1974 - abril 1975
650 1 4 _aMuerte en el arte
_zMéxico
_95747
942 _2lcc
_cB
999 _c1629
_d1629